000 01003nam a2200229Ia 4500
999 _c40943
_d40943
001 7590
003 GE_BSU
005 20231226112731.0
008 181216s1960||||ge |||||||||||||| ||geo||
040 _cGE_BSU
041 _ageo
080 _a821.353.1-32 დ-72
100 _aდოლიძე, ნინო
_919872
245 _aგაფრინდი შავო მერცხალო :
_bმოთხრობები /
_cნინო დოლიძე ; რედ. თ. გოგოლაძე ; მხატვ. ზ. წერეთელი.
264 _aთბილისი :
_bსაბჭოთა საქართველო,
_c1960.
300 _a192 გ. ;
_c20 სმ.
653 _aგაფრინდი შავო მერცხალო
653 _aმოთხრობები
700 _aგოგოლაძე, თ.
_eრედაქტორი
_920886
700 _aწერეთელი, ზ.
_eმხატვარი
_920887
942 _cBK
_2udc